[Event "Corus"]
[Site "Wijk aan Zee"]
[Date "2007.01.14"]
[Round "2"]
[White "Kramnik, Vladimir"]
[Black "Shirov, Alexei"]
[Result "1-0"]
[WhiteElo "2766"]
[BlackElo "2715"]
[Annotator "Marin,M"]
[PlyCount "68"]
[EventDate "2007.01.13"]
[EventType "tourn"]
[EventRounds "13"]
[EventCountry "NED"]
[EventCategory "19"]
[SourceTitle "CBM 117"]
[Source "ChessBase"]
[SourceDate "2007.03.30"]
[SourceVersion "1"]
[SourceVersionDate "2007.03.30"]
[SourceQuality "1"]

1. Nf3 Nf6 2. c4 g6 3. Nc3 d5 4. Qa4+ Bd7 5. Qb3 dxc4 6. Qxc4 {This
Anti-Grünfeld variation was recently brought into the limelight by Boris
Gelfand.} Bg7 ({Deviating from} 6... a6 7. d4 b5 8. Qb3 c5 {as played in
Gelfand-Svidler, Moscow 2006 and Topalov-Svidler, Morelia/Linares 2007.}) 7. e4
c6 $5 {A rare move, possibly played with the aim of taking out Kramnik of his
famously deep opening preparation.} ({If Black meets the threat e4-e5 with} 
7... Bc6 {, then} 8. d3 {leaves the bishop slightly misplaced on c6.}) ({
The more popular} 7... O-O {is strongly met by} 8. e5 {when the knight has to
go either to the passive e8-square or to the exposed g4-square, since the
intermediate} Be6 $6 {allows the promissing queen sacrifice} 9. exf6 Bxc4 10.
fxg7 Kxg7 11. Bxc4 {when three minor pieces are likely to overweight the black
queen.}) 8. d4 ({The hidden trick behind Black's last move is that after} 8. e5
{he has} Nd5 9. Nxd5 Be6 {for instance} 10. Qb4 Bxd5 11. Qxb7 Nd7 12. d4 O-O
13. Be2 a5 14. O-O Nb6 15. Rd1 c5 16. dxc5 Bxb7 17. Rxd8 Rfxd8 18. cxb6 Rac8
$15 {Korobov,A (2401)-Areshchenko,A (2335)/Evpatoria 2001/EXT 2003 (0-1, 48)
The material situation is balanced, but Black's development is superios.}) 8...
b5 $146 {Black immediately starts his queenside counterplay.} ({Previously,
only} 8... O-O {had been played.} 9. Be2 (9. h3 {looks like unnecessary
prophylaxis.} b5 10. Qe2 Be6 11. Qc2 Na6 12. a3 Ne8 13. Be3 Nd6 14. Rd1 Qa5
$132 {Vaulin,A (2547)-Palus,R (2341)/Swidnica 1999/EXT 2000 (1-0, 41) with
active play for Black, compensating White's advantage of space.}) 9... Na6 10.
O-O c5 $6 11. e5 $1 Ng4 12. h3 $16 cxd4 $2 13. Qxd4 Nh6 14. Bxh6 Bxh6 15. Bxa6
bxa6 16. Rfd1 Bc6 17. Qh4 $18 {Razuvaev,Y (2548)-Sarno,S (2391)/Saint Vincent
2000/CBM 074 ext (1-0, 31)}) 9. Qb3 a5 10. e5 {With his kingside
underdeveloped and the queen rather exposed, White decides to provoke the
stabilisation of the centre, in order to avoid an eventual counterplay based
on ...c5.} a4 (10... Be6 11. exf6 Bxb3 12. fxg7 Rg8 13. axb3 $16) 11. Qd1 Nd5
12. Nxd5 cxd5 13. Be2 Nc6 14. O-O O-O $13 {The position has become rather
static, bearing some similarity with certain lines of the Alekhine Defence and
the Pirc. Although Black has a solid position and is under no immediate danger,
in the long run the passivity of his g7-bishop and the weakness of the
c5-square might cause him problems.} 15. Be3 ({White has little interest in
allowing such structural modifications as} 15. Bxb5 $2 Nxe5 $1 16. Bxd7 Nxf3+
17. Qxf3 Qxd7 $15 {[%csl Gd4]}) 15... Na5 $6 {This premature display of
activity releases the pressure against the d4-pawn.} ({The developing move} 
15... Qb6 {looks better, for instance} 16. Ne1 f6 $132 {and Black's
counterplay seems to be sufficient to maintain the balance even.} ({Delaying
the thematical break ...f6 with a neutral move such as} 16... b4 {could be met
with} 17. Nd3 {because} Nxd4 {is very risky in view of} 18. Kh1 {, threatening
f4 and Ne1. For instance} f6 19. e6 $1 Bxe6 20. Ne1 f5 21. Nc2 $16)) 16. b3
axb3 17. axb3 Qb6 18. Ne1 $1 $14 {[%cal Ye1d3,Yd3c5] Suddenly, White's army
appears to be better coordinated, while the invasion of the c5-square is not
easy to prevent.} b4 {This move prepares the exchange of the light-squared
bishop, which favours Black in the French structures. However, as mentioned
before, the other bishop is a bigger problem for Black in this concrete
position. Besides, the b4-pawn will be weak now. However, it is hard to
suggest an adequate solution to Black's problems.} (18... Nc6 {does not prevent
} 19. Nd3 {because after} Nxd4 20. Kh1 {/\Nb4} b4 21. f4 {/\Ne1} f6 22. e6 Bxe6
23. Rxa8 Rxa8 24. Ne1 $16 {Black will only have two pawns for the piece.}) 19.
Nd3 Bb5 20. Nc5 Nb7 ({Preparing the activation of the g7-bishop with} 20... e6
21. Qd2 Bxe2 22. Qxe2 Rfc8 {is a slow but possibly viable plan:} 23. Rfc1 Nb7 (
23... Bf8 24. Nd7 Qd8 25. Nf6+ {offers White attacking chances.}) 24. Rxa8 Rxa8
25. Na4 Qd8 26. Qb5 Na5 $5 {/\Bf8} 27. Qxb4 Rb8 28. Nb6 Nxb3 $1 {(It is
important to open the b-file before capturing on b6)} 29. Qxb3 Rxb6 {and White
cannot take advantage of the weakness of the 8th rank with} 30. Qxb6 $4 Qxb6
31. Rc8+ Bf8 32. Bh6 {because his own back rank is undefended.}) 21. Rxa8 $6 {
White releases the tension too soon.} ({The immediate capture} 21. Bxb5 {
would have offered better chances for consolidating the advantage.} Rxa1 (21...
Qxb5 22. Qd3 $1 $14) 22. Qxa1 Nxc5 (22... Qxb5 23. Qa6 $1 Qxa6 24. Nxa6 Ra8 25.
Nxb4 e6 26. Nd3 Ra3 27. Rb1 $16) 23. dxc5 Qxb5 24. Qd4 e6 25. Rc1 $14) 21...
Rxa8 22. Bxb5 Qxb5 23. Qd3 Qc6 $2 {Black returns the favour.} (23... Qxd3 24.
Nxd3 Ra3 25. Nxb4 (25. Rb1 Na5 26. Nxb4 e6 $11) 25... e6 26. Rc1 Bf8 $11) 24.
Na4 $16 Nd8 25. Rc1 Qb7 26. Qc2 f6 27. f4 Bh6 28. g3 fxe5 29. dxe5 Ne6 30. Qc6
Qxc6 31. Rxc6 Kf7 32. Kf2 Rb8 33. Ke2 Bf8 34. Kd3 {Black's problem is that he
cannot activate his bishop and his knight at the same time. Opening the a3-f8
diagonal for the bishop would mean remove the knight from the best square
available.} Rb7 $4 (34... Rb7 35. Rxe6 $1 $18) 1-0

[Event "Corus"]
[Site "Wijk aan Zee"]
[Date "2007.01.19"]
[Round "6"]
[White "Kramnik, Vladimir"]
[Black "Anand, Viswanathan"]
[Result "1-0"]
[WhiteElo "2766"]
[BlackElo "2779"]
[Annotator "Marin,M"]
[PlyCount "105"]
[EventDate "2007.01.13"]
[EventType "tourn"]
[EventRounds "13"]
[EventCountry "NED"]
[EventCategory "19"]
[SourceTitle "CBM 117"]
[Source "ChessBase"]
[SourceDate "2007.03.30"]
[SourceVersion "1"]
[SourceVersionDate "2007.03.30"]
[SourceQuality "1"]

1. d4 Nf6 2. c4 e6 3. g3 d5 4. Bg2 Be7 5. Nf3 O-O 6. O-O dxc4 7. Qc2 a6 8. Qxc4
b5 9. Qc2 Bb7 10. Bd2 Ra7 {This move has been quite popular over the past few
years. Black is trying to play a waiting game, by delaying the development of
his queenside knight. As known, ...Nbd7 can always be answered with Ba5,
whereas Ba5 with a knight on b8 is inefficient because of ...Nc6.} 11. Rc1 Be4
12. Qb3 Nc6 ({The newest trend. For a while,} 12... Nbd7 {was the main
variation.} 13. Ba5 Qa8 $5 {[%csl Ga8,Ge4][%cal Ga8g2] Thismove was designed
by Leko. Black ingnores the threat against the c7-pawn and takes the long
diagonal under firm control.} (13... Qb8 {Gelfand,B-Harikrishna,P/Bermuda 2005/
CBM 106/[Gelfand] (1-0, 38)}) 14. Nbd2 {Nobody has had the courage to capture
the pawn yet, although things might be not entirely clear there.} (14. Nc3 Bc6
{Nielsen,P (2668)-Leko,P (2763)/Dortmund 2005/CBM 108/[Ribli] (0-1, 60)}) 14...
Bd5 15. Qe3 Bd6 16. Bh3 (16. Rc2 Qb7 17. Rac1 Nb6 18. b3 $14 {Conquest,S (2505)
-Gomez Esteban,J (2495)/Donostia San Sebastian 2006/ (1-0, 58) Black cannot
obtain counterplay easily.}) 16... Ne4 17. Nxe4 Bxe4 18. Ne1 Nb6 19. Bxb6 $1
cxb6 20. Bg2 $1 Bxg2 21. Nxg2 $14 {Avrukh,B (2653)-Quezada,Y (2505)/Beer Sheva
2005/CBM 110/[Ribli] (1-0, 72)}) 13. e3 Qa8 14. Qd1 Nb8 15. Ba5 Rc8 (15... Bd6
16. a3 Nbd7 17. Nbd2 Bd5 18. Qf1 (18. b4 $5) 18... c5 19. dxc5 Bxc5 20. Rc2 Qb7
21. Rac1 {Black has managed to carry out the thematical break ...c5 under
relatively favourable circumstances, but White retains some pressure.} Bb6 22.
Bxb6 Qxb6 23. Nd4 Ne5 24. Bxd5 Nxd5 25. N4f3 Nxf3+ 26. Nxf3 Rd8 27. Qd3 Ne7 28.
Qe4 Rad7 29. Kg2 {Both sides have taken authoritarian control of one of the
open files, but the difference between the knights' placement s obvious. Black
did not equalise completely yet.} f6 30. h4 e5 31. h5 $14 {Aronian,L (2744)
-Karjakin,S (2678)/Wijk aan Zee 2007 (1-0, 47)}) (15... Nc6 16. Be1 Nb8 {
White has won an important tempo. Everything is ready for the development of
the queen's knight already.} 17. b4 Nbd7 18. a4 Nd5 19. Nbd2 Bg6 20. Nb3 Be4 (
20... Bxb4 21. Bxb4 Nxb4 22. Ne5 Qc8 23. Nxg6 hxg6 24. axb5 $16) 21. axb5 (21.
Ne5 Bxg2 22. Nxd7 Rd8) 21... Bxb4 (21... axb5 22. Ne5 Bxg2 23. Rxa7 Qxa7 24.
Nxd7 $16 {[%csl Gf8,Gg2]} Rd8 25. Ra1 Qb7 26. Ndc5 Bxc5 27. Nxc5 Qc6 28. e4 $18
) 22. Bxb4 Nxb4 23. Nbd2 $16 {Avrukh,B (2633)-Sandipan,C (2546)/Turin 2006/CBM
113 (1-0, 62)}) 16. a3 $146 {Although this move is a novelty technically
speaking, the idea is not new. Just refer to the game Aronian-Karjakin above.}
(16. Bb6 {looks a bit premature. The bishop did not finish his job on a5 yet.}
Rb7 17. Bc5 Bxc5 18. dxc5 (18. Rxc5 Nbd7 19. Rc1 c5 20. Nc3 Bc6 $132) 18... Ra7
19. Nbd2 Bd5 20. Qc2 a5 21. a3 a4 22. Qd3 {1/2-1/2 Ponomariov,R (2723)-Anand,V
(2779)/Wijk aan Zee NED 2007}) (16. Nbd2 Bd5 {Gelfand,B (2723)-Karjakin,S 
(2660)/Wijk aan Zee 2006/CBM 111/[Ribli] (1/2-1/2, 22)}) 16... Bd6 (16... c5
17. Nbd2 Bd5 18. Bb6 $16) 17. Nbd2 Bd5 18. Qf1 Nbd7 19. b4 {Now that ...c5 has
become a threat, White prevents it physically.} e5 {Black has to look for some
counterplay in the centre. Otherwise, White would just double rooks on the
c-file, consolidating his advantage. of space.} 20. dxe5 Bxe5 $5 (20... Nxe5
21. Nxe5 Bxe5 22. Ra2 $14 {[%cal Ya2c2]}) 21. Nxe5 Nxe5 (21... Bxg2 22. Qxg2
Qxg2+ (22... Nxe5 23. Qxa8 Raxa8 24. Rxc7 $16) 23. Kxg2 Nxe5 24. Bb6 Rb7 25.
Bd4 $14) 22. f3 $3 {Slightly unaesthetical, but very deep. Black has not
sufficient space for his minor pieces, which justifies the decision of
avoiding the exchange of the light-squared bishops.} Nc4 23. Nxc4 Bxc4 24. Qf2
Re8 25. e4 c6 26. Rd1 Rd7 27. Rxd7 Nxd7 28. Rd1 Qb7 29. Rd6 f6 30. f4 $16 {
Finally, White's structure has recovered its harmony. The pair of bishops and
the higher flexibility offer him a stable advantage.} Re6 31. Rd2 Re7 32. Qd4
Nf8 33. Qd8 Rd7 34. Rxd7 Qxd7 35. Qxd7 Nxd7 {[%cal Yc6c5]} 36. e5 $6 {This
move unnecessarily complicates the fight by giving upa pawn.} (36. Bh3 $1 Nf8
37. Bc8 $16 {would have been simpler.}) 36... fxe5 37. Bxc6 Nf6 38. Bb7 exf4
39. gxf4 Nd5 40. Kf2 Nxf4 41. Ke3 g5 (41... Ne2 {(=, Landa)} 42. Bc7 {[%csl
Ge2][%cal Yc7e5]} (42. Bxa6 Kf7 43. Bb6 Ke6 44. a4 Nc3 45. a5 Nd5+ 46. Kd4 Nxb4
47. Bb7 Kd6 48. a6 Nc6+ 49. Kc3 Bd5 50. a7 $2 Nxa7 51. Bxd5 Nc8 $1 $19 {Landa})
42... Kf7 (42... Nc3 43. Kd4 Nb1 44. a4 $18) 43. Be5 g6 44. Ke4 Ke7 45. Bxa6
$16) 42. Bxa6 Kf7 43. a4 Ke7 44. Bxb5 Bxb5 45. axb5 Kd7 46. Ke4 Ne2 47. Bb6 g4
48. Bf2 Nc3+ 49. Kf5 Nxb5 50. Kxg4 Ke6 51. Kg5 Kf7 52. Kf5 Ke7 53. Bc5+ 1-0

[Event "Corus"]
[Site "Wijk aan Zee"]
[Date "2007.01.20"]
[Round "7"]
[White "Aronian, Levon"]
[Black "Kramnik, Vladimir"]
[Result "1/2-1/2"]
[WhiteElo "2744"]
[BlackElo "2766"]
[Annotator "Rogozenco,D"]
[PlyCount "56"]
[EventDate "2007.01.13"]
[EventType "tourn"]
[EventRounds "13"]
[EventCountry "NED"]
[EventCategory "19"]
[SourceTitle "CBM 117"]
[Source "ChessBase"]
[SourceDate "2007.03.30"]
[SourceVersion "1"]
[SourceVersionDate "2007.03.30"]
[SourceQuality "1"]

1. d4 d5 2. c4 c6 3. Nf3 Nf6 4. Nc3 dxc4 5. a4 Bf5 6. Ne5 e6 7. f3 c5 8. e4 Bg6
{Kramnik sticks to his preferences. Just like in the World Championship
Matches he goes for a slightly inferior, but very solid endgame, which he
analyzed and feels very well.} 9. Be3 (9. Bxc4 cxd4 10. Bb5+ Nfd7 $1 11. Qxd4
a6 $11) (9. d5 $13 {will probably become more popular in the future}) 9... cxd4
10. Qxd4 Qxd4 11. Bxd4 Nfd7 (11... Nc6 12. Nxc6 bxc6 $14) (11... Nbd7 12. Nxc4
Bc5 13. Bxc5 Nxc5 14. b4 $14) 12. Nxd7 (12. Nxc4 Nc6 13. Be3 Bc5 14. Kf2 Ke7
$11 {1/2-1/2 Nielsen,P (2646)-Hracek,Z (2581)/Germany 2006 (45)}) 12... Nxd7
13. Bxc4 a6 ({The viability of these endgames was demonstrated by the late
Smyslov on more than one occasion.} 13... Rc8 14. Ba2 a6 15. Ke2 Nb8 16. Rhd1
Nc6 17. Bb6 Bb4 18. Rd2 Ke7 19. Rad1 Nb8 20. Bf2 f6 21. Bg3 Be8 22. Rd4 a5 23.
Bd6+ Bxd6 24. Rxd6 Bd7 25. Ke3 Rc6 26. R6d4 Rhc8 $11 {1/2-1/2 Cramling,P (2504)
-Smyslov,V (2485)/Marbella 1999 (60)}) 14. h4 $146 (14. Ke2 Rg8 15. Rhd1 (15.
h4 h5 16. Rhd1 Rc8 17. Bb3 Bb4 18. Rac1 Ke7 19. Na2 Bc5 {1/2-1/2 Ruck,R (2526)
-Gustafsson,J (2584)/Austria 2006}) 15... Rc8 16. b3 Bc5 17. a5 Ke7 18. Na4 Bb4
19. Nb6 Nxb6 20. Bxb6 f6 21. Rd3 Rc6 22. h4 Rgc8 23. g4 Bc5 $11 {1/2-1/2
Topalov,V (2813)-Kramnik,V (2743)/Elista 2006 (31)}) 14... Rc8 15. Ba2 h6 {
It is interesting that Kramnik is ready to place the bishop on h7 rather than
play 15...h5 and keep it on g6, where apparently the bishop is better placed
due to the fact that it can later enter into play easier via f7 or e8.} (15...
h5 {The drawback of such pawn formation for Black is that in many situations
White's plan to bring the knight to f4 will be unpleasant for the second
player.}) 16. Rc1 (16. Rd1 Rg8 {followed by ...Bc5 and ...Ke7 and it looks
like Black has little to worry about.} (16... Bc5 $2 17. Bxg7 Rh7 18. Bd4 $18))
16... Bc5 (16... Nb8 $5) 17. Ne2 $1 {Forcing Black to castle. With the king on
e7 the position would be completely equal.} (17. Bxg7 Rh7 18. h5 Rxg7 19. hxg6
Rxg6 $132) (17. Bxc5 Rxc5 18. Ke2 Ke7 $11) 17... O-O ({After} 17... Rg8 {
White can use the pin on the c-file:} 18. Nf4 $1 Bh7 19. Nd3 b6 20. Ke2 Ke7 21.
Nxc5 bxc5 (21... Nxc5 22. a5 $18) 22. Bc3 {with advantage.}) 18. O-O (18. Kf2
Bxd4+ 19. Nxd4 Nc5 $132 {[%csl Ra4,Rd3]}) 18... Bd6 $5 {A somewhat unexpected,
but healthy decision. With the king on g8 instead of e7 Black keeps his bishop
for defending weak dark squares.} ({A more complicated alternative was} 18...
Bxd4+ 19. Nxd4 Nc5 20. a5 $5 (20. Rc4 b6 21. Rfc1 Rcd8 {[%cal Gc5d3]} 22. Bb1
a5 $11) 20... Nd3 21. Rxc8 Rxc8 22. Nxe6 $13) 19. Be3 Ne5 20. Nf4 {Notice that
with the black pawn on h5 White would have an advantage now (see the comments
after 15...h6), since he could always remain with the bishop pair versus the
knight and bishop.} Rxc1 {Another interesting moment. Kramnik has a complete
faith in Black's position and prefers to give up the open file rather than go
for unclear complications.} (20... Bh7 21. Rxc8 Rxc8 22. Nxe6 Rc2 23. Nd8 Rxb2
24. Bd5 $13) 21. Rxc1 Bh7 {In spite of apparent advantage (control over the
c-file, passive bishop on h7 and problems to centralize the king from g8),
White can achieve nothing concrete. Black controls all important squares in
the center and White has no targets for attack.} 22. Kf1 (22. Ne2 Re8 {[%cal
Gg8f8,Gf8e7]} 23. Bc5 Bb8 (23... Bxc5+ 24. Rxc5 Nd3 25. Rc7 Nxb2 26. a5 Rb8 27.
Nf4 $44 {[%csl Rb2,Rb8,Rg8,Rh7]}) 24. Rd1 Bc7 25. h5 (25. Kf2 Rd8 26. Rxd8+
Bxd8 $132 {[%csl Rh4][%cal Ge5d3]}) 25... Rd8 26. Rxd8+ Bxd8 27. Ba3 Bb6+ 28.
Kf1 Nd3 $11) 22... Rb8 23. Ke2 Kf8 24. g4 Ke7 ({With his bishop on h7 Black
doesn't need to create any new battlefield with} 24... b5 25. a5 $14) 25. Ng2 (
25. Nh5 g6 26. Nf4 g5 27. hxg5 hxg5 28. Nd3 Nxd3 29. Kxd3 f6 30. Rh1 Bg6 31.
Rh6 Rg8 $11) 25... f6 {Finally. The king protects e6 and White's edge will
become microscopic as soon as the bishop will be transferred to f7.} 26. h5 Bg8
27. Ba7 Ra8 28. Bb6 Bf7 1/2-1/2

[Event "Miskolc m"]
[Site "Miskolc"]
[Date "2007.04.25"]
[Round "1"]
[White "Kramnik, Vladimir"]
[Black "Leko, Peter"]
[Result "1/2-1/2"]
[WhiteElo "2772"]
[BlackElo "2738"]
[Annotator "Berkes/Meszaros"]
[PlyCount "49"]
[EventDate "2007.04.25"]
[EventType "match (rapid)"]
[EventRounds "8"]
[EventCountry "HUN"]
[SourceTitle "CBM 118"]
[Source "ChessBase"]
[SourceDate "2007.05.31"]
[SourceVersion "1"]
[SourceVersionDate "2007.05.31"]
[SourceQuality "1"]

{The first move was made by Sandor Kali, the Mayor of Miskolc. The flashlights
had blinked for a number of minutes, then the game finally began. The players
sarted the match in an apparently tense state of mind.} 1. Nf3 Nf6 2. c4 c5 3.
Nc3 Nc6 4. d4 cxd4 5. Nxd4 e6 6. Bg5 Be7 7. e3 Qa5 8. Bh4 Ne4 $1 {Black
happily accepts the simplification.} 9. Bxe7 Nxc3 10. Qd2 Nxe7 ({We would have
also expected} 10... Kxe7) 11. Nb5 O-O 12. Qxc3 Qxc3+ 13. Nxc3 b6 14. O-O-O Rd8
15. Be2 Bb7 16. e4 $6 f5 $1 {Black doesn't wait like a sitting duck. He won't
let White finish his development and play on Black's main weakness, the 'd6'
square. The intense counterplay tumbles the white army.} 17. exf5 (17. f3 $6
fxe4 18. fxe4 Ng6 19. Rd4 Bc6 (19... Kf7 $6 20. Nb5 $1 Ke7 21. Nd6 Bc6 22. b4
$1) 20. b4 Ne5 21. Rhd1 Kf7 {=/+}) 17... Nxf5 18. Rhg1 Rac8 19. Rd2 Kf8 $1 {
The king belongs to the middle of the board. By the time White wakens, Black
is taking the initiative.} (19... d5 20. cxd5 Bxd5 (20... exd5 $6 21. Bg4 g6
22. Bxf5 gxf5 23. Rd4 {+/=}) 21. Kd1 Kf7 $11) 20. g3 Ke7 21. Re1 Nd6 22. b3 ({
Better is} 22. Rd4) 22... b5 23. Red1 Ne4 24. Nxe4 Bxe4 25. Kb2 {Black is
better because of his central pawns, but the advantage is far from being
decisive. We would have liked to see a "skinning" б la Lékó, but considering
the time shortage the players devided the point.} 1/2-1/2

[Event "Miskolc m"]
[Site "Miskolc"]
[Date "2007.04.25"]
[Round "2"]
[White "Leko, Peter"]
[Black "Kramnik, Vladimir"]
[Result "1/2-1/2"]
[WhiteElo "2738"]
[BlackElo "2772"]
[Annotator "Berkes/Meszaros"]
[PlyCount "101"]
[EventDate "2007.04.25"]
[EventType "match (rapid)"]
[EventRounds "8"]
[EventCountry "HUN"]
[SourceTitle "CBM 118"]
[Source "ChessBase"]
[SourceDate "2007.05.31"]
[SourceVersion "1"]
[SourceVersionDate "2007.05.31"]
[SourceQuality "1"]

1. e4 e5 2. Nf3 Nc6 3. Bb5 a6 4. Ba4 Nf6 5. O-O Be7 6. Re1 b5 7. Bb3 O-O 8. h3
{This time Peter avoids the Marshall-gambit} Bb7 9. d3 d6 10. a3 Na5 11. Ba2 c5
12. Nbd2 Nc6 13. Nf1 Bc8 14. Ne3 Be6 15. Nd5 Bxd5 16. exd5 Nd4 17. Nd2 Nf5 18.
Ne4 Nd7 19. g3 $1 {Up to this point the game developed very quickly, but Peter
came up with a very deep positional plan here. The idea is to paralize Black's
f5 knight and e7 bishop, and the same time prepare an attack on the kingside,}
(19. b4 Rc8 20. Bd2 {happened in two games of Anand, but he didn't manage to
fight out any advantage.}) 19... g6 20. h4 Rc8 21. b4 Qb6 22. h5 cxb4 $2 {
This is a mistake for a number of reasons: 1. it releases the tension in the
centre, and 2. the a1 rook becomes a strong piece because of the weakness of
the a6 pawn 3. White now is able to prepare a sweep on the queenside with
c2-c4. 22... a5 seems to be better but 23.Rd2 still ensures a slight advantage
for White.} 23. axb4 Nf6 24. c3 Ng7 25. h6 $1 {Unpleasant move. White obtains
a tactical pawn which is a permanent threat to the black king.} Nge8 $1 (25...
Nf5 26. Bd2 Bd8 27. Kg2 Qb7 28. Qe2 Nxe4 29. dxe4 Ne7 30. f4 $16) 26. Bd2 Nxe4
27. dxe4 f5 28. exf5 Rxf5 29. Be3 Qb7 30. Rc1 $1 Bd8 (30... Bg5 31. Bb1 $1 Bxe3
32. Bxf5 Bxf2+ 33. Kxf2 gxf5 34. Qd3 Qf7 35. c4 $16) 31. c4 bxc4 32. Bxc4 Qxb4
(32... Bb6 33. Bxa6 Qxa6 34. Rxc8 Qxc8 35. Bxb6 Rh5 36. Qf3 Qh3 37. Be3 $16)
33. Rb1 $1 $16 {At the press conference after the game Kramnik told us that he
actually didn't sacrifice the queen but he was forced to give her up.
Eventually, considering the result, he was not sorry to have done so.} Qxc4 34.
Rc1 Qxc1 35. Bxc1 Bb6 36. Be3 Bxe3 37. Rxe3 Nf6 38. Qa4 e4 $1 {Black sizes
every opportunity to reduce material.} 39. Qxa6 Rc1+ 40. Kg2 Rc2 41. Re2 $2 {
As once before this move will hound Peter. Last year he also let a half point
slip out of his hands against Karpov in a similar situation. He has shown
practically perfect play, and in a long game White would easily win. However,
in the grip of the time Peter, doesn't want to take risks.} (41. Qa8+ Kf7 42.
Qa7+ Kf8 43. Re1 (43. Rb3 $2 Rfxf2+ 44. Qxf2 Rxf2+ 45. Kxf2 Nxd5 46. Rb8+ Kf7
47. Rh8 Nf6 48. Ke3 Ke6 49. Kd4 Kf5 $11) 43... Rfxf2+ (43... g5 $6 44. Rf1) 44.
Qxf2 Rxf2+ 45. Kxf2 Nxd5 46. Rxe4 $16 {would give good winning chances.}) 41...
Rxe2 42. Qxe2 Rxd5 43. Qc4 Kf7 44. Qc7+ Ke6 45. Qc8+ Ke7 46. Kf1 Rc5 47. Qb7+
Ke6 48. Ke2 Rf5 49. Qc8+ Ke7 50. Qc7+ Ke6 51. Qc8+ 1/2-1/2